ბათუმის შოთა რუსთაველის სახელმწიფო უნივერსიტეტის ბიბლიოთეკა

Games for language learning (ბიბ.ჩანაწერი № 51258)

000 -LEADER
fixed length control field 00773nam a2200265Ia 4500
001 - CONTROL NUMBER
control field 18220
003 - CONTROL NUMBER IDENTIFIER
control field GE_BSU
008 - FIXED-LENGTH DATA ELEMENTS--GENERAL INFORMATION
fixed length control field 181216s||||||||xx |||||||||||||| ||und||
020 ## - INTERNATIONAL STANDARD BOOK NUMBER
International Standard Book Number 9780521618229
040 ## - CATALOGING SOURCE
Transcribing agency GE_BSU
080 ## - UNIVERSAL DECIMAL CLASSIFICATION NUMBER
Universal Decimal Classification number 811.111
100 ## - MAIN ENTRY--PERSONAL NAME
Personal name Wright, Andrew, David Betteridge, Michael Buckby.
245 ## - TITLE STATEMENT
Title Games for language learning
250 ## - EDITION STATEMENT
Edition statement 3rd edition.
260 ## - PUBLICATION, DISTRIBUTION, ETC.
Place of publication, distribution, etc. Cambridge ; New York :
260 ## - PUBLICATION, DISTRIBUTION, ETC.
Name of publisher, distributor, etc. Cambridge University Press
260 ## - PUBLICATION, DISTRIBUTION, ETC.
Date of publication, distribution, etc. 2006
300 ## - PHYSICAL DESCRIPTION
Extent xiii, 193 p; ill. ; 23 cm.
653 ## - INDEX TERM--UNCONTROLLED
Uncontrolled term Games for language learning
653 ## - INDEX TERM--UNCONTROLLED
Uncontrolled term grammar
653 ## - INDEX TERM--UNCONTROLLED
Uncontrolled term Languages,Modern--Study and teaching. Educational games.
653 ## - INDEX TERM--UNCONTROLLED
Uncontrolled term ინგლისური ენა(გრამატიკა)
942 ## - ADDED ENTRY ELEMENTS (KOHA)
Koha item type წიგნი
ეგზემპლარები
Withdrawn status Lost status Damaged status Not for loan Date acquired Barcode Date last seen Price effective from Koha item type
        2018-12-17 46422 2018-12-17 2018-12-17 წიგნი